[Event "Belem Velha op 3rd"]
[Site "Belem"]
[Date "2015.04.30"]
[Round "1"]
[White "Leao, Flavio Sanchez"]
[Black "De Vasconcelos, Liduino Furtado"]
[Result "1/2-1/2"]
[WhiteElo "1817"]
[BlackElo "2135"]
[PlyCount "50"]
[EventDate "2015.04.30"]
[EventType "swiss"]
[EventRounds "7"]
[EventCountry "BRA"]
[SourceTitle "CBM 166 Extra"]
[Source "ChessBase"]
[SourceDate "2015.06.18"]
[SourceVersion "1"]
[SourceVersionDate "2015.06.18"]
[SourceQuality "1"]

1. e4 e6 2. d4 d5 3. e5 c5 4. c3 Nc6 5. a3 Qb6 6. Nf3 Bd7 7. b4 cxd4 8. cxd4 Nge7 9. Nc3 Nf5 10. Na4 Qc7 11. Bb2 a6 12. Rc1 Be7 13. Nc5 0-0 14. Bd3 Bxc5 15. Rxc5 f6 16. Bxf5 exf5 17. Rxd5 fxe5 18. dxe5 Be6 19. Rd6 Rad8 20. 0-0 Qe7 21. Re1 h6 22. Nd4 Nxd4 23. Qxd4 Rfe8 24. Rd1 Rc8 25. Qb6 Kh7 1/2-1/2